00470pab a2200145 454500008004000000100001800040245010900058260000900167300001600176362001100192650003700203650002700240700002300267773003400290180718b2007 xxu||||| |||| 00| 0 eng d aBanga, Rashmi aContribution of services to output growth and productivity in Indian manufacturing: pre-and post-reforms c2007 ap.2769-777. a30 Jun aindia - Manufacturing industries aManufacturing industry aGoldar, Bishwanath aEconomic and Political Weekly